| 000 | 00427cam a2200157ua 4500 | ||
|---|---|---|---|
| 041 |
_aeng _h |
||
| 082 |
_a620.025 _bSAE/ES |
||
| 100 | _aShab saeed, p.E . | ||
| 245 |
_aEssential Career Skills for Engineers / _cSaeed Shahab p.E. _hTextual Documents |
||
| 260 |
_aChennai : _bNarosa Publishing House , _c2004. |
||
| 300 | _a108 ; . | ||
| 504 | _a | ||
| 700 | 1 | _aKeith Johnson, P.E . | |
| 942 | _cBK | ||
| 999 |
_c12390 _d12390 |
||